| 000 | 00628nam a22001937a 4500 | ||
|---|---|---|---|
| 999 |
_c20093 _d20093 |
||
| 003 | AR-CdUCM | ||
| 008 | 190525b ||||| |||| 00| 0 spa d | ||
| 040 |
_aMUNICIPALIDAD PROVINCIAL DEL CUSCO _cBIBLIOTECA MUNICIPAL DEL CUSCO |
||
| 082 |
_a869.24 / _bG96 |
||
| 100 |
_aGutiérrez, Eduardo _910715 |
||
| 245 | _aJuan Cuello / | ||
| 260 |
_aBuenos Aires : _bTor, _c1951. |
||
| 300 |
_a252 páginas ; _c23 cm |
||
| 505 | _aContenido : Un amor desventurado -- La marca de la familia -- Una venganza terrible -- Amores y Salamancas... | ||
| 650 |
_aLiteratura _983 |
||
| 650 |
_aNovela _95 |
||
| 942 |
_2ddc _cLIBROS |
||
| 945 | _arcc | ||